Southville International School and Colleges
Your cart is empty.
  • Cart
  • Lists
    Public lists Eva Luna New books Lux_list list_1
    Your lists Log in to create your own lists
  • Log in to your account
  • Your cookies
  • Search history
Southville International School and Colleges
  • Advanced search
  • Recent comments
  • Most popular
  • Libraries

Log in to your account

Log in with GOOGLE


If you do not have an external account, but do have a local account, you can still log in:

  1. Home
  2. MARC view: The prayer breaking through to the blessed life of Jabez /
Normal view MARC view ISBD view

The prayer breaking through to the blessed life of Jabez / (Record no. 356114)

[ view plain ]
MARC details
000 -LEADER
fixed length control field 00427nam a2200157Ia 4500
003 - CONTROL NUMBER IDENTIFIER
control field 0
005 - DATE AND TIME OF LATEST TRANSACTION
control field 20260122104522.0
008 - FIXED-LENGTH DATA ELEMENTS--GENERAL INFORMATION
fixed length control field 180309s9999 xx 000 0 und d
020 ## - INTERNATIONAL STANDARD BOOK NUMBER
International Standard Book Number 9719238208
100 ## - MAIN ENTRY--PERSONAL NAME
Personal name Dr. Wilkinson, Bruce H.
245 #4 - TITLE STATEMENT
Title The prayer breaking through to the blessed life of Jabez /
260 ## - PUBLICATION, DISTRIBUTION, ETC. (IMPRINT)
Place of publication, distribution, etc Quezon City :
Name of publisher, distributor, etc Multomah Publication
Date of publication, distribution, etc 2000
300 ## - PHYSICAL DESCRIPTION
Extent 86 pages
650 ## - SUBJECT ADDED ENTRY--TOPICAL TERM
Topical term or geographic name as entry element Religion
942 ## - ADDED ENTRY ELEMENTS (KOHA)
Source of classification or shelving scheme Library of Congress Classification
Koha item type Books
Holdings
Withdrawn status Lost status Damaged status Home library Current library Shelving location Date acquired Source of acquisition Total Checkouts Full call number Barcode Date last seen Price effective from Koha item type
      College Library College Library General Circulation Section 03/13/2018     BS 1345.6 .W686 2000 c21347 05/15/2018 03/13/2018 Books

The prayer breaking through to the blessed life of Jabez /

APA

Dr. Wilkinson B. H., . (2000). The prayer breaking through to the blessed life of Jabez. Quezon City: Multomah Publication.

Chicago

Dr. Wilkinson Bruce H, . 2000. The prayer breaking through to the blessed life of Jabez. Quezon City: Multomah Publication.

Harvard

Dr. Wilkinson B. H., . (2000). The prayer breaking through to the blessed life of Jabez. Quezon City: Multomah Publication.

MLA

Dr. Wilkinson Bruce H, . The prayer breaking through to the blessed life of Jabez. Quezon City: Multomah Publication. 2000.

  • Place hold
  • Print
  • Cite
  • Add to your cart (remove)
  • Save record
    BIBTEX Dublin Core MARCXML MARC (non-Unicode/MARC-8) MARC (Unicode/UTF-8) MARC (Unicode/UTF-8, Standard) MODS (XML) RIS
  • More searches
    Search for this title in:
    Other Libraries (WorldCat) Other Databases (Google Scholar) Online Stores (Bookfinder.com) Open Library (openlibrary.org)

Exporting to Dublin Core...

SOUTHVILLE LIBRARY

Southville International School and Colleges Library

1281 Tropical Ave. Cor. Luxembourg St., BF Homes International, Las Pinas City

Tel. No. 8256374 / 252358 Loc. 117/146

Powered by Koha